Bahasa melayu rujukan menengah

Bibliographic Details
Main Author: Sulaiman Masri
Format: Book
Published: K.L. : Utusan publications&distributors sdn.bhd , 2007

MARC

LEADER 00000cam a2200000 7i4500
001 0000035067
005 20130131.0
008 130117
020 |a 9676120715 
090 0 0 |a 499.23820712   |b SUL 
100 1 |a Sulaiman Masri 
245 1 0 |a Bahasa melayu rujukan menengah   |c Sulaiman Masri 
260 |a K.L. :   |b Utusan publications&distributors sdn.bhd ,   |c 2007 
650 0
650 0
999 |a 0001136219   |b Book   |c Adult Collection   |e Cawangan Urban Transformation Centre 
999 |a 0001136220   |b Book   |c REFERENCE   |e Perbadanan Perpustakaan Awam Johor 
999 |a 0001136223   |b Book   |c Adult Collection   |e Cawangan Urban Transformation Centre